000 00674nam a2200157 4500
999 _c16477
_d16477
008 220207b ||||| |||| 00| 0 eng d
022 _a0893-8989
082 _aDPer 363.205 P75 Sept 2013-May 2016 v. 37 & 40, n. 9-11/1-5
100 _aGeorge, A. J.
_943871
245 _aFirst tactical tactix BDU pants and shirt:
_bthese highly functional uniform components feature high-quality materials and excellent fit/
_cA. J. George.
260 _aCalifornia:
_bBobit Business Media,
_c©Sept 2013-May 2016.
300 _av40 n5, pages 72-73;
_billustrations:
_c27 cm.
500 _aPolice: the law enforcement.
650 _aLaw enforcement.
_xGarments.
_943834
942 _2ddc
_cPER